000 00630nam a2200217 a 4500
005 20241207063742.0
008 030304s1992 mx r 000 0 spa d
020 _a8427708645
035 _aUPN01000122390
049 _aCG
050 4 _aHM131
_bA5.2 1992
100 1 _aAnder-Egg, Ezequiel,
_d1930-
_928724
245 1 3 _aLa animación y los animadores :
_bpautas de acción y de formación /
_cE. Ander-Egg.
250 _a2a ed.
260 _aMadrid :
_bNarcea,
_c1992.
300 _a262 p.
440 0 _aNarcea sociocultural
650 2 _aGrupos sociales
_97125
650 2 _aAnimación sociocultural
_91050
905 _aLibro
999 _c94582
_d94582